Joueuses quart de finaliste en GC de tennis depuis 1990 - Statistiques

Statistiques générales
  • Ce quiz a été pris 44 fois
    6 depuis la dernière actualisation
  • Le résultat moyen est 117 sur 219
Statistiques - réponses
Pays Première lettre Joueuse V F 1/2 F 1/4 F % Correct
RUS A ANDREEVA 0 0 1 2
100%
USA A ANISIMOVA 0 2 1 2
100%
BLR A AZARENKA 2 3 4 9
100%
ESP B BADOSA 0 0 1 2
100%
AUS B BARTY 3 0 1 2
100%
SUI B BENCIC 0 0 2 2
100%
NED B BERTENS 0 0 1 1
100%
FRA B BOISSON 0 0 1 0
100%
USA C CAPRIATI 3 0 10 10
100%
ROM C CIRSTEA 0 0 0 2
100%
BEL C CLIJSTERS 4 4 8 3
100%
FRA C CORNET 0 0 0 1
100%
USA D DAVENPORT 3 4 11 13
100%
ARG F FERNANDEZ C 0 0 1 0
100%
USA F FERNANDEZ G 0 0 1 2
100%
CAN F FERNANDEZ L 0 1 0 1
100%
USA F FERNANDEZ MJ 0 3 5 7
100%
FRA G GARCIA 0 0 1 1
100%
USA G GAUFF 2 1 2 5
100%
BRA H HADDAD MAIA 0 0 1 1
100%
ROM H HALEP 2 3 4 7
100%
BEL H HENIN 7 5 5 2
100%
SUI H HINGIS 5 7 7 5
100%
TUN J JABEUR 0 3 0 4
100%
RUS K KALINSKAYA 0 0 0 1
100%
RUS/AUS K KASATKINA 0 0 1 2
100%
USA K KENIN 1 1 0 0
100%
USA K KEYS 1 1 5 5
100%
CZE K KREJCIKOVA 2 0 0 4
100%
CHN L LI 2 2 2 4
100%
POL L LINETTE 0 0 1 0
100%
GER M MARIA 0 0 1 0
100%
ESP M MARTINEZ 1 2 9 10
100%
FRA M MAURESMO 2 1 5 9
100%
BEL M MERTENS 0 0 1 2
100%
CZE M MUCHOVA 0 1 3 3
100%
USA N NAVARRO 0 0 1 2
100%
JPN O OSAKA 4 0 1 0
100%
ITA P PAOLINI 0 2 0 0
100%
USA P PEGULA 0 1 2 6
100%
FRA P PIERCE 2 4 0 8
100%
USA P PO 0 0 0 1
100%
GBR R RADUCANU 1 0 0 0
100%
KAZ R RYBAKINA 2 1 1 3
100%
BLR S SABALENKA 4 4 6 1
100%
RUS S SAFINA 0 3 2 2
100%
USA S SELES 9 4 4 13
100%
RUS S SHARAPOVA 5 5 10 5
100%
USA S STEPHENS 1 1 1 4
100%
UKR S SVITOLINA 0 0 4 10
100%
POL S SWIATEK 6 0 3 5
100%
CZE V VONDROUSOVA 1 1 0 3
100%
USA W WILLIAMS S 23 10 7 14
100%
USA W WILLIAMS V 7 9 7 16
100%
DEN W WOZNIACKI 1 2 4 3
100%
CHN Z ZHENG J 0 0 2 0
100%
CHN Z ZHENG Q 0 1 0 3
100%
CAN A ANDREESCU 1 0 0 0
50%
BEL A APPELMANS 0 0 0 1
50%
JPN A ASAGOE 0 0 0 1
50%
AUT B BAMMER 0 0 0 1
50%
FRA B BARTOLI 1 1 1 3
50%
INA B BASUKI 0 0 0 1
50%
FRA B BELTRAME 0 0 0 1
50%
NED B BOLLEGRAF 0 0 0 1
50%
CAN B BOUCHARD 0 1 2 1
50%
RUS B BOVINA 0 0 0 1
50%
USA B BRADY 0 1 1 0
50%
RUS C CHAKVETADZE 0 0 1 2
50%
SVK C CIBULKOVA 0 1 1 6
50%
RSA C COETZER 0 0 3 4
50%
USA C COLLINS 0 1 1 1
50%
JPN D DATE 0 0 3 3
50%
FRA D DECHY 0 0 1 0
50%
RUS D DEMENTIEVA 0 2 7 3
50%
AUS D DOKIC 0 0 1 3
50%
ROM D DRAGOMIR 0 0 0 1
50%
ITA E ERRANI 0 1 2 4
50%
ITA F FARINA 0 0 0 1
50%
USA F FENDICK 0 0 0 1
50%
BEL F FLIPKENS 0 0 1 0
50%
USA F FRAZIER 0 0 0 2
50%
USA G GARRISON 0 1 0 4
50%
MEX G GAVALDON 0 0 0 2
50%
GER G GOERGES 0 0 1 0
50%
FRA G GOLOVIN 0 0 0 1
50%
GER G GRAF 14 6 4 4
50%
SVK H HABSUDOVA 0 0 0 1
50%
GER H HACK 0 0 0 1
50%
FRA H HALARD 0 0 0 3
50%
SVK H HANTUCHOVA 0 0 1 4
50%
TPE H HSIEH 0 0 0 1
50%
GER H HUBER 0 1 2 4
50%
CAN H HY 0 0 0 1
50%
SRB I IVANOVIC 1 2 2 3
50%
SRB J JANKOVIC 0 1 5 2
50%
EST K KANEPI 0 0 0 7
50%
GER K KERBER 3 1 4 3
50%
RUS K KIRILENKO 0 0 0 3
50%
GBR K KONTA 0 0 3 3
50%
EST K KONTAVEIT 0 0 0 1
50%
RUS K KOURNIKOVA 0 0 1 1
50%
RUS K KRASNOROUTSKAYA 0 0 0 1
50%
RUS K KUDERMETOVA 0 0 0 1
50%
RUS K KUZNETSOVA 2 2 1 11
50%
CZE K KVITOVA 2 1 4 6
50%
RUS L LIKHOVTSEVA 0 0 1 2
50%
GER L LISICKI 0 1 1 3
50%
CRO L LUCIC 0 0 2 0
50%
CRO M MAJOLI 1 0 0 5
50%
RUS M MAKAROVA 0 0 2 4
50%
BUL M MALEEVA K 0 0 0 6
50%
BUL M MALEEVA Mag 0 0 0 1
50%
SUI M MALEEVA Man 0 0 2 4
50%
USA M MCNEIL 0 0 1 0
50%
GEO M MESKHI 0 0 0 1
50%
BEL M MONAMI 0 0 0 2
50%
ESP M MUGURUZA 2 2 1 3
50%
RUS M MYSKINA 1 0 0 5
50%
USA N NAVRATILOVA 1 2 2 1
50%
LAT N NEILAND 0 0 0 1
50%
CZE N NOSKOVA 0 0 0 1
50%
CZE N NOVOTNA 1 3 5 12
50%
LAT O OSTAPENKO 1 0 1 4
50%
RUS P PAVLYUCHENKOVA 0 1 0 9
50%
ISR P PEER 0 0 0 2
50%
CHN P PENG 0 0 1 0
50%
ITA P PENNETTA 1 0 1 5
50%
GER P PETKOVIC 0 0 1 3
50%
RUS P PETROVA 0 0 2 7
50%
BUL P PIRONKOVA 0 0 1 3
50%
AUT P PLISCHKE 0 0 0 1
50%
CZE P PLISKOVA 0 2 2 7
50%
ARG P PODOROSKA 0 0 1 0
50%
GER P PORWIK 0 0 1 0
50%
POL R RADWANSKA 0 1 4 7
50%
USA R RUBIN 0 0 1 3
50%
SVK R RYBARIKOVA 0 0 1 0
50%
ARG S SABATINI 1 1 9 8
50%
CZE S SAFAROVA 0 1 1 1
50%
GRE S SAKKARI 0 0 2 0
50%
RUS S SAMSONOVA 0 0 0 1
50%
ESP S SANCHEZ 3 8 10 9
50%
JPN S SAWAMATSU 0 0 0 1
50%
ITA S SCHIAVONE 1 1 0 5
50%
SUI S SCHNYDER 0 0 1 6
50%
NED S SCHULTZ 0 0 0 2
50%
ITA S SERRA ZANETTI 0 0 0 1
50%
KAZ S SHVEDOVA 0 0 0 3
50%
ROM S SPIRLEA 0 0 1 1
50%
AUS S STOSUR 1 1 3 2
50%
ARG S SUAREZ 0 0 1 3
50%
ESP S SUAREZ NAVARRO 0 0 0 7
50%
JPN S SUGIYAMA 0 0 0 2
50%
CZE S SUKOVA 0 1 1 1
50%
NZL S SUN 0 0 0 1
50%
HUN S SZAVAY 0 0 0 1
50%
THA T TANASUGARN 0 0 0 1
50%
FRA T TAUZIAT 0 1 0 6
50%
FRA T TESTUD 0 0 0 2
50%
CRO T TOMLJANOVIC 0 0 0 3
50%
ITA T TREVISAN 0 0 1 1
50%
CZE V VAIDISOVA 0 0 2 3
50%
USA V VANDEWEGHE 0 0 2 2
50%
CRO V VEKIC 0 0 1 2
50%
RUS V VESNINA 0 0 1 0
50%
ITA V VINCI 0 1 0 3
50%
CHN W WANG 0 0 0 1
50%
USA W WERDEL 0 0 1 0
50%
BEL W WICKMAYER 0 0 1 0
50%
AUT W WIESNER 0 0 0 2
50%
UKR Y YASTREMSKA 0 0 1 0
50%
CHN Z ZHANG 0 0 0 2
50%
SLO Z ZIDANSEK 0 0 1 0
50%
COL Z ZULUAGA 0 0 1 0
50%
BLR Z ZVEREVA 0 0 1 6
50%
RUS Z ZVONAREVA 0 2 2 2
50%
PER A ARRAYA 0 0 0 1
0%
SUI B BACSINSZKY 0 0 2 2
0%
CZE B BEDANOVA 0 0 0 1
0%
UKR B BONDARENKO 0 0 0 1
0%
CZE B BOUZKOVA 0 0 0 1
0%
CZE C CHLADKOVA 0 0 0 1
0%
ITA G GIORGI 0 0 0 1
0%
SUI G GOLUBIC 0 0 0 1
0%
ARG G GORROCHATEGUI 0 0 0 1
0%
GER G GROENEFELD 0 0 0 1
0%
USA H HARVEY VILD 0 0 0 1
0%
USA J JOVIC 0 0 0 1
0%
BUL K KARATANTCHEVA 0 0 0 1
0%
NED K KONJUH 0 0 0 1
0%
UKR K KOSTYUK 0 0 0 1
0%
NED K KRAJICEK 0 0 0 1
0%
HUN M MANDULA 0 0 0 1
0%
ESP M MARRERO 0 0 0 1
0%
CRO M MARTIC 0 0 0 1
0%
USA M MCGRATH 0 0 1 0
0%
FRA M MLADENOVIC 0 0 0 2
0%
AUS M MOLIK 0 0 0 1
0%
GER N NIEMEIER 0 0 0 1
0%
USA O OUDIN 0 0 0 1
0%
AUT P PASZEK 0 0 0 2
0%
KAZ P PUTINTSEVA 0 0 0 3
0%
USA R RAYMOND 0 0 0 2
0%
USA R RISKE 0 0 0 1
0%
AUT R RITTER 0 0 0 1
0%
USA R ROGERS 0 0 0 2
0%
ESP R RUANO PASCUAL 0 0 0 2
0%
AUT S SCHETT 0 0 0 1
0%
AUT S SCHWARTZ 0 0 0 1
0%
ESP S SERNA 0 0 0 1
0%
LAT S SEVASTOVA 0 0 1 2
0%
USA S SHAUGHNESSY 0 0 0 1
0%
GER S SIEGEMUND 0 0 0 2
0%
CRO S SPREM 0 0 0 1
0%
USA S STEVENSON 0 0 1 0
0%
CZE S STRYCOVA 0 0 1 1
0%
UKR T TSURENKO 0 0 0 1
0%
BEL V VAN UYTVANCK 0 0 0 1
0%
Aucun quiz correspondant
Distribution des résultats
% des personnes avec chaque résultat
Percentile par nombre de réponses
Votre historique - résultats
Vous n’avez pas pris ce quiz depuis la dernière actualisation